000 01103nam a2200277 a 4500
001 000036131
005 20200930074914.0
008 111214s2011 dr 001 0 spa d
020 _a9789993446156
040 _aDO-SdBNP
_bspa
_cBNPHU
082 _a467.97293
_bM316d
100 1 _aMarchena Segura, Ana,
_d1965-
_962166
245 1 3 _aLa doble negación del español dominicano :
_bla interfaz lingüística, dialectal y social /
_cAna Marchena Segura; prólogo Luis A. Ortiz López.
260 _aSanto Domingo :
_bAcademia Dominicana de la Lengua,
_c2011.
300 _a160 p. ;
_c24 cm.
490 1 _aTemas lingüísticos
_v5
500 _aIncluye datos biográficos de la autora en la solapa de la cubierta
504 _aBibliografía : p. 127-139
590 _aInventariado, 2018/LP
650 4 _aDominicanismos
_913083
650 4 _aEspañol en república dominicana
_xHistoria
_937468
650 4 _aEspañol
_xGramatica
_93475
650 4 _aEspañol
_xProvincialismos
_zRepública Dominicana
_937486
830 0 _aTemas lingüísticos ;
_n5
_962167
910 _aValidado. Control de calidad EMS
999 _c35622
_d35622